| 000 | 00439nam a2200169 4500 | ||
|---|---|---|---|
| 005 | 20260113160657.0 | ||
| 008 | 260113b |||||||| |||| 00| 0 eng d | ||
| 020 | _a9788198080875 | ||
| 041 | _aEnglish | ||
| 082 |
_aX 823 GOD _bB12165 |
||
| 100 |
_aGoddard, neville _9216336 |
||
| 245 | _aFeeling Is The Secret | ||
| 260 |
_aMumbai _bThe Milky Way Publications _c2024 |
||
| 300 |
_a54p _bpb |
||
| 365 |
_aRupaye _b147 _cINR |
||
| 942 | _cBK | ||
| 999 |
_c369874 _d369874 |
||